Responses for Show #2633 - Wednesday, January 31, 1996

Bill Sloan game 3.

Contestants

[<< previous game]

Michelle Roberts, a lab technician from Seattle, Washington

Mike McCarthy, an Air Force officer from Annandale, Virginia

Bill Sloan, a real estate broker from Mission Viejo, California (whose 2-day cash winnings total $20,900)

[next game >>]

Jeopardy! Round responses

SCIENCE & TECHNOLOGY
MUSIC
TRANSPORTATION
THE 1930s
INTERNATIONAL CUISINE
"Y" NOT?
    $100 23
Milligram

Michelle
    $100 11
Bruce Springsteen

Bill
    $100 1
Boeing

Mike
    $100 6
Cans

Michelle
    $100 12
Eel

Bill
    $100 17
Yarn

Bill
    $200 24
Matches

Bill
    $200 22
The Rolling Stones

Michelle
    $200 2
Suez Canal

Bill
    $200 7
Nevada

Michelle
    $200 13
Paprika

Bill
    $200 18
Yorick

Bill
    $300 25
Teflon

Michelle
    $300 28
John Tesh

Bill
    $300 3
Toboggan

Mike
    $300 8
Tennessee Valley Authority

Mike
    $300 14
Germany

Michelle
    $300 19
Yak

Bill
    $400 26
Telescope

Bill
    $400 29
Maureen McCormick

Triple Stumper
    $400 4
Glider

Bill
    $400 9
"American Gothic"

Mike
    $400 15
Cornwall

Michelle
    $400 20
Yalta

Bill
    $500 27
(B: What is spectrometry?)

Spectroscopy

BillMichelle
    $500 30
U2

Mike
    $500 5
Galley

Bill
    $500 10
Alf Landon

Mike
    $500 16
Greece

Bill
    $500 21
York

Mike

Scores at the first commercial break (after clue 15):

Bill Mike Michelle
$1,500 $1,600 $1,000

Scores at the end of the Jeopardy! Round:

Bill Mike Michelle
$3,400 $2,600 $2,100

Double Jeopardy! Round responses

EXPLORERS
GEMS
SHAKESPEARE
SAINTS
POTPOURRI
ANIMALS ON THE MAP
    $200 16
Inca

Bill
    $200 24
Blue

Bill
    $200 9
Three Witches/Weird Sisters

Michelle
    $200 1
Flight Attendants/Stewardesses

Michelle
    $200 21
Spouse

Mike
    $200 3
Cape Cod

Bill
    $400 17
Santa Maria

Mike
    $400 27
South Africa

Bill
    $400 10
Ovid

Bill
    $400 2
St. Elmo

Bill
    $400 22
Silver Bells

Bill
    $400 4
(A: Bill, not fast enough.)

Horseshoe Falls

Triple Stumper
    $2,000 18
Brazil

Mike
    $600 28
Rubies

Bill
    $600 11
"Much Ado About Nothing"

Michelle
    $600 7
St. Peter

Bill
    $600 23
J.R.R. Tolkien

Michelle
    $600 5
Canary Islands

Bill
    $800 19
Vasco Da Gama

Bill
    $800 29
Aquamarine

Bill
    $2,000 12
"The Merchant of Venice"

Michelle
    $800 14
Moscow

Mike
    $800 25
Chief Joseph

Bill
    $800 6
Catskills

Michelle
    $1000 20
Abel Tasman

Bill
    $1000 30
(Bill: What is cat eye?)
...
(Alex: After the researchers went through many books on gems, they could not find a gem called a "cat eye", so Bill's response was not accepted.)

cat's eye

Bill
Triple Stumper
    $1000 13
"Pericles, Prince of Tyre"

Triple Stumper
    $1000 15
Faith, Hope & Charity

Triple Stumper
    $1000 26
Chuck Yeager

Bill
    $1000 8
(Mike: What is Goose Bay?)
...
(Alex: Goose Bay is in Labrador, Newfoundland)

Moose Jaw

Mike
Triple Stumper

Scores at the end of the Double Jeopardy! Round:

Bill Mike Michelle
$10,800 $5,000 $6,500

[wagering suggestions for these scores]

Final Jeopardy! Round responses

U.S.A.
MikeWhat is Lake Erie?
$3,601
MichelleWhat is Michigan
$4,500
BillWhat is Lake Erie
$2,300
Lake Erie

Final scores:

Bill Mike Michelle
$13,100 $8,601 $2,000
3-day champion: $34,000 2nd place: Gateway Family Desktop PC & Computer Cabinet 3rd place: JVC Easy One VHS camcorder

Game dynamics:

Coryat scores:

Bill Mike Michelle
$10,800 $3,600 $5,300
29 R,
2 W
11 R
(including 2 DDs),
1 W
14 R
(including 1 DD),
0 W

Combined Coryat: $19,700

[game clues] [game scores] [suggest correction]

Game tape date: Unknown
The J! Archive is created by fans, for fans. Scraping, republication, monetization, and malicious use prohibited; this site may use cookies and collect identifying information. See terms. The Jeopardy! game show and all elements thereof, including but not limited to copyright and trademark thereto, are the property of Jeopardy Productions, Inc. and are protected under law. This website is not affiliated with, sponsored by, or operated by Jeopardy Productions, Inc. Join the discussion at JBoard.tv.